Paroles - Les Démons de Minuit - Statistiques

Statistiques générales
  • Ce quiz a été pris 6 872 fois
  • Le résultat moyen est 134 sur 158
Statistiques - réponses
Réponse % Correct
de
99%
le
99%
à
97%
démons
97%
la
97%
les
97%
minuit
97%
nuit
96%
au
95%
bout
95%
ils
95%
m'entrainent
94%
m'entraînent
94%
jusqu'à
93%
l'insomnie
91%
fantômes
90%
l'ennui
89%
un
89%
mon
88%
ne
87%
qui
87%
cigarette
85%
coeur
85%
peu
85%
se
85%
dernière
84%
je
84%
plus
84%
bouge
83%
chaleur
83%
rien
83%
dans
82%
j'ai
81%
ça
80%
met
80%
fond
79%
que
79%
déserte
77%
pas
76%
Rue
76%
déhanche
74%
mettre
74%
dormir
73%
fille
73%
rouge
73%
cette
72%
talons
72%
aiguilles
71%
besoin
70%
cherche
70%
néon
69%
quelqu'un
69%
trouver
69%
juste
68%
d'un
67%
bar
66%
j'aime
66%
trottoir
64%
j'veux
63%
sur
63%
balance
62%
danse
60%
faut
60%
regarde
58%
éclaire
57%
mer
56%
verre
55%
music
52%
funky
51%
disque
49%
ses
29%
Aucun quiz correspondant
Distribution des résultats
% des personnes avec chaque résultat
Percentile par nombre de réponses
Votre historique - résultats
Vous n’avez pas pris ce quiz